ბათუმის შოთა რუსთაველის სახელმწიფო უნივერსიტეტის ბიბლიოთეკა

Интродукция растении. История и иметоды отбора исходного материала. (ბიბ.ჩანაწერი № 35566)

000 -LEADER
fixed length control field 00714nam a2200229Ia 4500
001 - CONTROL NUMBER
control field 1427
003 - CONTROL NUMBER IDENTIFIER
control field GE_BSU
008 - FIXED-LENGTH DATA ELEMENTS--GENERAL INFORMATION
fixed length control field 181216s||||||||xx |||||||||||||| ||und||
040 ## - CATALOGING SOURCE
Transcribing agency GE_BSU
080 ## - UNIVERSAL DECIMAL CLASSIFICATION NUMBER
Universal Decimal Classification number 581(075.8)+581.1(075.8)
100 ## - MAIN ENTRY--PERSONAL NAME
Personal name Базилевская,Н.А;Мауринь, А.М;
245 ## - TITLE STATEMENT
Title Интродукция растении. История и иметоды отбора исходного материала.
245 ## - TITLE STATEMENT
Remainder of title Учебное пособие.
260 ## - PUBLICATION, DISTRIBUTION, ETC.
Place of publication, distribution, etc. Рига
260 ## - PUBLICATION, DISTRIBUTION, ETC.
Date of publication, distribution, etc. 1982
300 ## - PHYSICAL DESCRIPTION
Extent 103 с.19 см.
653 ## - INDEX TERM--UNCONTROLLED
Uncontrolled term Биология
653 ## - INDEX TERM--UNCONTROLLED
Uncontrolled term Интродукция растении.
653 ## - INDEX TERM--UNCONTROLLED
Uncontrolled term ბიოლოგია
942 ## - ADDED ENTRY ELEMENTS (KOHA)
Koha item type წიგნი
ეგზემპლარები
Withdrawn status Lost status Damaged status Not for loan Date acquired Barcode Date last seen Price effective from Koha item type
        2018-12-17 2860 2018-12-17 2018-12-17 წიგნი